Cairo: sketches of its history, monuments, and social life/

محفوظ في:

المؤلف الرئيسي: Lane-Poole, Stanely. (مؤلف)

التنسيق: كتاب

اللغة: Undetermined

منشور في: New York: Arno Press, 1973.

الموضوعات:

الوسوم: إضافة وسم

لا توجد وسوم, كن أول من يضع وسما على هذه التسجيلة!

رقم الطلب: DT143 .L3 1973

LEADER 00672nam a2200193Ia 4500
008 211223s9999||||xx |||||||||||||| ||und||
020 |a 405053452 
050 4 |a DT143 .L3 1973 
100 1 |a Lane-Poole, Stanely.  |e author. 
245 1 0 |a Cairo:  |b sketches of its history, monuments, and social life/  |c Stanely Lane-Poole. 
264 1 |a New York:  |b Arno Press,  |c 1973. 
300 |a XIV, 334 p. :  |b Illus.;  |c 23 
336 |a text  |b txt  |2 rdacontent 
337 |a unmediated  |b n  |2 rdamedia 
338 |a volume  |b nc  |2 rdacarrier 
650 1 4 |a Cairo, Egypt. 
942 |2 lcc  |c BK 
952 |0 0  |1 0  |2 lcc  |4 0  |7 1  |9 31767  |a ARCE  |b ARCE  |d 2022-01-25  |l 0  |r 2022-01-25 00:00:00  |w 2022-01-25  |y BK 
999 |c 40994  |d 40994